[Event "St Chely d'Aubrac op 9th"]
[Site "St Chely d'Aubrac"]
[Date "2009.07.12"]
[Round "2"]
[White "Trey, Baptiste"]
[Black "Hug, Timothee"]
[Result "0-1"]
[WhiteElo "1390"]
[BlackElo "1590"]
[PlyCount "60"]
[EventDate "2009.07.11"]
[EventType "swiss"]
[EventRounds "9"]
[EventCountry "FRA"]
[SourceTitle "EXT 2010"]
[Source "ChessBase"]
[SourceDate "2010.11.25"]
[SourceVersion "1"]
[SourceVersionDate "2010.11.25"]
[SourceQuality "1"]

1. e4 c5 2. Nc3 Nc6 3. Bb5 g6 4. d3 Bg7 5. Bd2 Nf6 6. Nf3 0-0 7. Bxc6 dxc6 8. Ne2 Bg4 9. Ng3 Nd7 10. h3 Be6 11. Ng5 Bxb2 12. Nxe6 fxe6 13. Rb1 Bd4 14. 0-0 b6 15. c3 Bf6 16. Qg4 Ne5 17. Qxe6+ Rf7 18. Rfd1 Qxd3 19. Bf4 Qc4 20. Qxc4 Nxc4 21. Rd3 b5 22. Ne2 Na5 23. Rbd1 e6 24. e5 Be7 25. Bc1 Nc4 26. f4 h6 27. Rd7 g5 28. fxg5 hxg5 29. Ng3 Nxe5 30. Ne4 Nxd7 0-1